000 01641cam a2200301 a 4500
999 _c6078
_d6078
001 .b18542840
003 OSt
005 20260204151714.0
008 200513s2018 nyua j 000 1 eng
010 _a2018031547
015 _aGBB8E4617
_2bnb
020 _a9780735231566
_q(pbk.) :
040 _aDLC
_beng
_cDLC
_dBDX
_dXZ9
_dPRSPR
_dDPL
_dOCP
_dFMG
_dT7B
_dTCH
_dPCX
_dUAP
_dHBP
_dT2D
_dORX
_dTXUUL
_dCOO
_dOCLCF
_dILC
_dOCLCO
_dCHY
_dZGR
_dYDX
_dNZAUC
_dINR
_dYDX
_dIDT
_dEHH
_dUKMGB
_dOCLCQ
_dTXWBR
_dOCLCO
_dCKK
_dT8C
_dTME
_dIS#
_dNZNAP
_dMLM
_dCMFTP
_dI8A
_dHQX
_dOD9
_dTCJ
_dNZ1
_dFJO
_dTXENN
_dOCLCO
_dCNCAR
_dTXMLI
_dOCLCO
_dSFS
_dMOF
_dOCLCO
_dWCZ
_dOCLCO
_dUU8
_dLH4
_dLKC
_dFPJ
_dLMJ
_dTL4
_dXOL
_dOCLCO
_dNZHWP
_dGYG
_dAU@
_dOCLCO
_dDUNPL
_dUTP
_dW8A
_dOCLCO
_dMQY
_dOCLCO
_dPLS
_dOCLCO
_dIQ0
_dJX9
_dOCLCO
_dSIITE
_dBYV
_dZQP
_dOCLCO
_dO2C
_dOCLCO
_dTXSVP
_dJTH
_dDLC
_dKH8
042 _anbic
043 _an-us-fl
082 0 4 _aFIC RIG
_223
100 1 _aRiggs, Ransom,
_eauthor.
245 1 2 _aA map of days /
_cby Ransom Riggs.
260 _aNew York, NY :
_bDutton Books, an imprint of Penguin Random House LLC,
_cc2018.
300 _a480 p. :
_bill. (some col.) ;
_c21 cm.
490 1 _aMiss Peregrine's Peculiar Children ;
_v4.
520 _a"After having saved the peculiar world, Jacob Portman is back in Florida with his peculiar friends, where they set out on a journey across America to discover the truth about Jacob's grandfather"--Provided by publisher.
650 0 _aVoyages and travels
_vJuvenile fiction.
650 0 _aGrandfathers
_vJuvenile fiction.
650 0 _aParanormal fiction.
800 1 _aRiggs, Ransom.
_tNovel of Miss Peregrine's Peculiar Children ;
_v4.
942 _2ddc
_cFIC